|
000
|
01348nam 2200265 450
|
|
001
|
012025000232
|
|
005
|
20251119100732.7
|
|
010
|
|
@a978-7-5594-9064-3@dCNY49.80
|
|
100
|
|
@a20250107d2024 em y0chiy50 ea
|
|
101
|
0
|
@achi
|
|
102
|
|
@aCN@b320000
|
|
105
|
|
@aaf z 000ay
|
|
106
|
|
@ar
|
|
200
|
1
|
@a千劫眉@Aqian jie mei@h3@i故山旧侣@f藤萍著
|
|
210
|
|
@a南京@c江苏凤凰文艺出版社@d2024.12
|
|
215
|
|
@a266页, [2] 页图版@c图 (部分彩图)@d21cm
|
|
314
|
|
@a藤萍, 中国作协会员。中山大学法学院毕业, 一级警长。第四届茅盾新人奖网络文学奖获奖者2018年荣获第三届橙瓜网络文学奖作家奖“百强大神”, 武侠大师温瑞安曾亲自为其作品《香初上舞》作序。
|
|
330
|
|
@a本书讲诉了唐俪辞一行人的江湖恩怨故事。第一部中唐俪辞一边寻找朋友方周的墓穴, 一边调查江湖禁药之事。第二部讲述了唐俪辞帮助武林正道抵抗住了江湖中炼制奇门禁药的邪教组织风流店的攻击。第三部中风流店的幕后之人渐渐展露, 唐俪辞书童池云中毒神志不清, 最终惨死, 对手柳眼身受重伤隐姓埋名被方平斋等人所救, 唐俪辞深入皇宫寻找真相, 大批中九心丸之毒的江湖剑客誓死要找出柳眼逼他拿出解药, 江湖大战一触即发。
|
|
517
|
1
|
@a故山旧侣@Agu shan jiu lv
|
|
606
|
0
|
@a侠义小说@Axia yi xiao shuo@y中国@z当代
|
|
606
|
0
|
@a长篇小说@Achang pian xiao shuo@y中国@z当代
|
|
690
|
|
@aI2408@v5
|
|
701
|
0
|
@a藤萍@Ateng ping@4著
|
|
801
|
0
|
@aCN@bCDNYKJZYXY@c20250107
|
|
905
|
|
@aCDNYKJZYXY@b300737971-73@dI2408@e222@f3
|
|
|
|
|
| |
| 千劫眉.3.故山旧侣/藤萍著.-南京:江苏凤凰文艺出版社,2024.12 |
| 266页, [2] 页图版:图 (部分彩图);21cm |
| |
| |
| ISBN 978-7-5594-9064-3:CNY49.80 |
| 本书讲诉了唐俪辞一行人的江湖恩怨故事。第一部中唐俪辞一边寻找朋友方周的墓穴, 一边调查江湖禁药之事。第二部讲述了唐俪辞帮助武林正道抵抗住了江湖中炼制奇门禁药的邪教组织风流店的攻击。第三部中风流店的幕后之人渐渐展露, 唐俪辞书童池云中毒神志不清, 最终惨死, 对手柳眼身受重伤隐姓埋名被方平斋等人所救, 唐俪辞深入皇宫寻找真相, 大批中九心丸之毒的江湖剑客誓死要找出柳眼逼他拿出解药, 江湖大战一触即发。 |
| ● |
正题名:千劫眉
索取号:I2408/222
 
预约/预借
| 序号
|
登录号
|
条形码
|
馆藏地/架位号
|
状态
|
备注
|
|
1
|
737971
|
300737971
|
流通一库三楼/
[索取号:I2408/222]
|
在馆
|
|
|
2
|
737972
|
300737972
|
流通一库三楼/
[索取号:I2408/222]
|
在馆
|
|
|
3
|
737973
|
300737973
|
流通一库三楼/
[索取号:I2408/222]
|
在馆
|
|